| 000 | 00784nam a22002177a 4500 | ||
|---|---|---|---|
| 999 |
_c13278 _d13278 |
||
| 003 | AR-CdUCM | ||
| 008 | 190409b ||||| |||| 00| 0 spa d | ||
| 020 | _a978-607-404-971-8 | ||
| 040 |
_aMUNICIPALIDAD PROVINCIAL DEL CUSCO _cBIBLIOTECA MUNICIPAL DEL CUSCO |
||
| 082 |
_aEP / 809 / _bT48 |
||
| 100 |
_aThomas, Tig _931603 |
||
| 245 | _a50 historias de monstruos / | ||
| 260 |
_aMéxico : _bSilver Dollphin, _c2015. |
||
| 300 |
_a510 páginas _c23 cm. |
||
| 505 | _aContenido :Colas y escamas -- Boggarts, troles y gromos -- Gigantes temibles y ogros horrorosos -- Bestias extrañas y maravillosas -- Garras y dientes ... | ||
| 650 |
_aHistorietas _910786 |
||
| 650 |
_aCuentos _9217 |
||
| 700 |
_aCaballero, Samantha _931604 |
||
| 942 |
_2ddc _cLIBROS |
||
| 945 |
_arum _d2019-04-11 |
||